00759 2200277 4500001002100000005001500021035002000036007000300056008004100059020002200100082001000122084001600132100001400148245012400162250001000286260003400296300003100330650002100361700002000382504002600402990001100428990001100439990001000450990001000460990001100470INLIS00000000000399920190821101919 a0010-0819000142ta190821 g 0 ind  a978-602-9186-86-4 a745.5 a745.5 VED g0 aVEDASWARI1 aGift Box for Moment :bKreasi Box Cantik, Unik, dan Elegant di Moment Spesial Anda /cVedaswari; editor, Berliyandi T.R acet.1 aSurabaya :bTiara Aksa,c2013 a93 hlm. :bilus. ;c21 cm. 4aKERAJINAN TANGAN0 aBERLIYANDI, T.R aBibliografi : hlm. 93 a5518 a a5518 b a15977 a5518c a5242 a